Guess the A$AP Rocky song by lyrics - Statistics

General Stats
  • This quiz has been taken 143 times
  • The average score is 7 of 15
Answer Stats
Hint Answer % Correct
I take what's mine, then take some moreIt rains, it pours, it rains, it pours Praise the Lord
84%
Purple drank, I still sip, purple weed blunt still lit Purple Swag
71%
Thinkin' 'bout you, thinkin' 'bout you, add it to your thoughtsThese evil thoughts, they startin' to drown me Demons
64%
Cristal go by the cases, wait hold up that was racist Goldie
59%
Ooh, baby like it raw with the shimmy shimmy ya Fuckin Problems
49%
The game is full of slaves and they mostly rappersYou sold your soul first, then your homies after Holy Ghost
43%
Dividends made a change of plans well that all dependsShout-out my parolees and I smoke that OG Wassup
43%
Wasted money on syrup and honey, she think she DuffyThen I became a druggy, enhanced my fame and money Fine Whine
40%
I coulda been a criminal and just rolled dice PMW
36%
Yeah, my mouth is full of gold and I'm a city boy Ghetto Symphony
34%
I don't care if you blue or you red flagging Brand New Guy
32%
A$AP in the house, now we're finna run the building (uh-huh)Workin' never chillin' (uh), 'til I get a million Keep it G
30%
Auntie sayin' turn it down, or she finna call the copsWe be plottin' on the opps, she the one who got the drop LPFJ2
30%
I went to Paris for my trunks, 100 thousand spend on Goyard Canal st.
23%
The fans is screaming when I hit the borderI visit Nice like it's my sisters daughter Wavybone
21%
No matching quizzes found
Score Distribution
Percent of People with Each Score
Percentile by Number Answered
Your Score History
You have not taken this quiz